| 000 -LEADER |
| fixed length control field |
01874cam a22004457i 4500 |
| 001 - CONTROL NUMBER |
| control field |
20397838 |
| 003 - CONTROL NUMBER IDENTIFIER |
| control field |
NUST |
| 005 - DATE AND TIME OF LATEST TRANSACTION |
| control field |
20200916132308.0 |
| 008 - FIXED-LENGTH DATA ELEMENTS--GENERAL INFORMATION |
| fixed length control field |
180312s2017 njua b 001 0 eng d |
| 010 ## - LIBRARY OF CONGRESS CONTROL NUMBER |
| LC control number |
2017276240 |
| 020 ## - INTERNATIONAL STANDARD BOOK NUMBER |
| International Standard Book Number |
9781118891001 |
| 035 ## - SYSTEM CONTROL NUMBER |
| System control number |
(OCoLC)ocn885014885 |
| 038 ## - RECORD CONTENT LICENSOR |
| Staff Name |
MSOHAIL |
| 040 ## - CATALOGING SOURCE |
| Original cataloging agency |
YDXCP |
| Language of cataloging |
eng |
| Description conventions |
rda |
| Transcribing agency |
YDXCP |
| Modifying agency |
OCLCQ |
| -- |
BTCTA |
| -- |
OCLCQ |
| -- |
INU |
| -- |
OCLCF |
| -- |
FWA |
| -- |
DLC |
| 042 ## - AUTHENTICATION CODE |
| Authentication code |
lccopycat |
| 050 00 - LIBRARY OF CONGRESS CALL NUMBER |
| Classification number |
TA1207 |
| Item number |
.L58 2017 |
| 082 ## - DEWEY DECIMAL CLASSIFICATION NUMBER |
| Classification number |
380.285 |
| Author Mark |
LIU |
| 100 1# - MAIN ENTRY--PERSONAL NAME |
| Personal name |
Liu, Rongfang, |
| Relator term |
author. |
| 9 (RLIN) |
30149 |
| 245 10 - TITLE STATEMENT |
| Title |
Automated transit : |
| Remainder of title |
planning, operation, and applications / |
| Statement of responsibility, etc. |
Rongfang (Rachel) Liu. |
| 264 #1 - PRODUCTION, PUBLICATION, DISTRIBUTION, MANUFACTURE, AND COPYRIGHT NOTICE |
| Place of production, publication, distribution, manufacture |
Piscataway, NJ : |
| Name of producer, publisher, distributor, manufacturer |
IEEE Press ; |
| Place of production, publication, distribution, manufacture |
Hoboken, New Jersey : |
| Name of producer, publisher, distributor, manufacturer |
John Wiley & Sons, Inc., |
| Date of production, publication, distribution, manufacture, or copyright notice |
[2017] |
| 300 ## - PHYSICAL DESCRIPTION |
| Extent |
xxii, 200 pages : |
| Other physical details |
illustrations ; |
| Dimensions |
24 cm. |
| 336 ## - CONTENT TYPE |
| Content type term |
text |
| Content type code |
txt |
| Source |
rdacontent |
| 336 ## - CONTENT TYPE |
| Content type term |
still image |
| Content type code |
sti |
| Source |
rdacontent |
| 337 ## - MEDIA TYPE |
| Media type term |
unmediated |
| Media type code |
n |
| Source |
rdamedia |
| 338 ## - CARRIER TYPE |
| Carrier type term |
volume |
| Carrier type code |
nc |
| Source |
rdacarrier |
| 490 1# - SERIES STATEMENT |
| Series statement |
IEEE Press series on systems science and engineering ; |
| Volume/sequential designation |
12 |
| 504 ## - BIBLIOGRAPHY, ETC. NOTE |
| Bibliography, etc. note |
Includes bibliographical references and index. |
| 650 #0 - SUBJECT ADDED ENTRY--TOPICAL TERM |
| Topical term or geographic name entry element |
Personal rapid transit. |
| 9 (RLIN) |
30150 |
| 650 #0 - SUBJECT ADDED ENTRY--TOPICAL TERM |
| Topical term or geographic name entry element |
Local transit |
| General subdivision |
Automation. |
| 9 (RLIN) |
30151 |
| 650 #0 - SUBJECT ADDED ENTRY--TOPICAL TERM |
| Topical term or geographic name entry element |
Automated vehicles. |
| 9 (RLIN) |
30152 |
| 650 #0 - SUBJECT ADDED ENTRY--TOPICAL TERM |
| Topical term or geographic name entry element |
Transportation engineering. |
| 9 (RLIN) |
854 |
| 650 #7 - SUBJECT ADDED ENTRY--TOPICAL TERM |
| Topical term or geographic name entry element |
Autonomous vehicles. |
| Source of heading or term |
fast |
| Authority record control number or standard number |
(OCoLC)fst01909261 |
| 9 (RLIN) |
30153 |
| 650 #7 - SUBJECT ADDED ENTRY--TOPICAL TERM |
| Topical term or geographic name entry element |
Local transit |
| General subdivision |
Automation. |
| Source of heading or term |
fast |
| Authority record control number or standard number |
(OCoLC)fst01001531 |
| 9 (RLIN) |
30151 |
| 650 #7 - SUBJECT ADDED ENTRY--TOPICAL TERM |
| Topical term or geographic name entry element |
Personal rapid transit. |
| Source of heading or term |
fast |
| Authority record control number or standard number |
(OCoLC)fst01058619 |
| 9 (RLIN) |
30150 |
| 650 #7 - SUBJECT ADDED ENTRY--TOPICAL TERM |
| Topical term or geographic name entry element |
Transportation engineering. |
| Source of heading or term |
fast |
| Authority record control number or standard number |
(OCoLC)fst01155272 |
| 9 (RLIN) |
854 |
| 830 #0 - SERIES ADDED ENTRY--UNIFORM TITLE |
| Uniform title |
IEEE Press series on systems science and engineering ; |
| Volume/sequential designation |
12. |
| 9 (RLIN) |
30154 |
| 906 ## - LOCAL DATA ELEMENT F, LDF (RLIN) |
| a |
7 |
| b |
cbc |
| c |
copycat |
| d |
2 |
| e |
ncip |
| f |
20 |
| g |
y-gencatlg |
| 942 ## - ADDED ENTRY ELEMENTS (KOHA) |
| Source of classification or shelving scheme |
|
| Koha item type |
Book |